Código Civil y Comercial de la Nación: Suplemento Especial : Contratos en particular - Primera Parte
Guardado en:
| Formato: | Seriadas |
|---|---|
| Idioma: | Spanish |
| Publicado: |
Ciudad autonoma de Buenos Aires :
Erreius,
2015
|
| Materias: | |
| Etiquetas: |
Agregar Etiqueta
Sin Etiquetas, Sea el primero en etiquetar este registro!
|
| LEADER | 00439nas a22001215a 4500 | ||
|---|---|---|---|
| 001 | DER.der012897 | ||
| 005 | 20151006000000.0 | ||
| 008 | 180615s2015####||||||||||||||||||||spa|| | ||
| 245 | 1 | 0 | |a Código Civil y Comercial de la Nación: Suplemento Especial : |b Contratos en particular - Primera Parte |
| 260 | |a Ciudad autonoma de Buenos Aires : |b Erreius, |c 2015 | ||
| 300 | 0 | |a 91 p. | |
| 653 | |a CODIGO CIVIL Y COMERCIAL ARGENTINO | ||
| 859 | |a DERECHO |b BIB. DERECHO |p 007706 | ||
